[Event "Irena Warakomska Memorial B"]
[Site "chessmanager.com"]
[Date "2018.08.05"]
[Round "6"]
[White "Milchenko, Valerii"]
[Black "Sapinski, Sebastian"]
[Result "0-1"]
[Board "31"]
[WhiteElo "1825"]
[WhiteCountry "RUS"]
[WhiteFideId "34174491"]
[WhiteEloChange "-17"]
[BlackElo "1496"]
[BlackCountry "POL"]
[BlackFideId "21817340"]
[BlackEloChange "17"]

1. d4 {[%clk 1:30:30]} Nf6 {[%clk 1:30:30]} 2. c4 {[%clk 1:30:30]} e6 {[%clk
1:30:30]} 3. Nc3 {[%clk 1:30:30]} d5 {[%clk 1:30:30]} 4. Bg5 {[%clk 1:30:30]} Be7
{[%clk 1:30:30]} 5. Nf3 {[%clk 1:30:30]} h6 {[%clk 1:30:30]} 6. Bh4 {[%clk
1:30:30]} O-O {[%clk 1:30:30]} 7. e3 {[%clk 1:30:30]} b6 {[%clk 1:30:30]} 8. Bxf6
{[%clk 1:30:30]} Bxf6 {[%clk 1:30:30]} 9. cxd5 {[%clk 1:30:30]} exd5 {[%clk
1:30:30]} 10. Bd3 {[%clk 1:30:30]} Bb7 {[%clk 1:30:30]} 11. Rc1 {[%clk 1:30:30]}
Nd7 {[%clk 1:30:30]} 12. O-O {[%clk 1:30:30]} c5 {[%clk 1:30:30]} 13. Bb1 {[%clk
1:30:30]} Re8 {[%clk 1:30:30]} 14. Qc2 {[%clk 1:30:30]} Nf8 {[%clk 1:30:30]} 15.
Rfe1 {[%clk 1:30:30]} Rc8 {[%clk 1:30:30]} 16. Qd2 {[%clk 1:30:30]} Ne6 {[%clk
1:30:30]} 17. Qd3 {[%clk 1:30:30]} g6 {[%clk 1:30:30]} 18. Ne2 {[%clk 1:30:30]}
c4 {[%clk 1:30:30]} 19. Qd2 {[%clk 1:30:30]} Ng5 {[%clk 1:30:30]} 20. Nxg5 {[%clk
1:30:30]} Bxg5 {[%clk 1:30:30]} 21. g3 {[%clk 1:30:30]} b5 {[%clk 1:30:30]} 22.
a3 {[%clk 1:30:30]} a5 {[%clk 1:30:30]} 23. h4 {[%clk 1:30:30]} Be7 {[%clk
1:30:30]} 24. h5 {[%clk 1:30:30]} Qb6 {[%clk 1:30:30]} 25. hxg6 {[%clk 1:30:30]}
fxg6 {[%clk 1:30:30]} 26. Qc2 {[%clk 1:30:30]} Kf7 {[%clk 1:30:30]} 27. Nf4
{[%clk 1:30:30]} Rg8 {[%clk 1:30:30]} 28. Kg2 {[%clk 1:30:30]} Bg5 {[%clk
1:30:30]} 29. Nh3 {[%clk 1:30:30]} Be7 {[%clk 1:30:30]} 30. f4 {[%clk 1:30:30]}
b4 {[%clk 1:30:30]} 31. axb4 {[%clk 1:30:30]} axb4 {[%clk 1:30:30]} 32. f5 {[%clk
1:30:30]} g5 {[%clk 1:30:30]} 33. f6 {[%clk 1:30:30]} Bxf6 {[%clk 1:30:30]} 34.
Rf1 {[%clk 1:30:30]} Ke7 {[%clk 1:30:30]} 35. Qh7+ {[%clk 1:30:30]} Rg7 {[%clk
1:30:30]} 36. Qxh6 {[%clk 1:30:30]} Bxd4 {[%clk 1:30:30]} 37. Qh5 {[%clk
1:30:30]} Bxe3 {[%clk 1:30:30]} 38. Rce1 {[%clk 1:30:30]} d4+ {[%clk 1:30:30]}
39. Kh2 {[%clk 1:30:30]} Qc6 {[%clk 1:30:30]} 40. Re2 {[%clk 1:30:30]} Rf8 {[%clk
1:30:30]} 41. Nf4 {[%clk 1:30:30]} gxf4 {[%clk 1:30:30]} 42. Rxe3+ {[%clk
1:30:30]} dxe3 {[%clk 1:30:30]} 43. Qe5+ {[%clk 1:30:30]} Kd8 {[%clk 1:30:30]}
44. Qb8+ {[%clk 1:30:30]} Bc8 {[%clk 1:30:30]} 45. Rd1+ {[%clk 1:30:30]} Rd7
{[%clk 1:30:30]} 46. Rxd7+ {[%clk 1:30:30]} Kxd7 {[%clk 1:30:30]} 47. Qa7+ {[%clk
1:30:30]} Bb7 {[%clk 1:30:30]} 48. Qd4+ {[%clk 1:30:30]} Kc8 {[%clk 1:30:30]} 49.
Bf5+ {[%clk 1:30:30]} Rxf5 {[%clk 1:30:30]} 50. Qh8+ {[%clk 1:30:30]} Kc7 {[%clk
1:30:30]} 51. Qg7+ {[%clk 1:30:30]} Qd7 {[%clk 1:30:30]} 52. Qg6 {[%clk 1:30:30]}
fxg3+ {[%clk 1:30:30]} 53. Qxg3+ {[%clk 1:30:30]} Qd6 {[%clk 1:30:30]} 0-1